• 首页
  • 本馆介绍
  • 公告通知
  • 最新文献
  • 馆藏检索
  • 电子资源
  • 读者导购
  • 参考咨询
  • 我的图书馆
  • 登录
  • 详细信息显示
  • 放入我的书架
  • 预约/预借图书
  • 作者相关作品
  • 分类相关作品
  • 丛书相关作品
  • 出版社相关作品

书目信息

  • 表格格式
  • 工作单格式
  • 卡片格式
书名: The international encyclopedia of education
作者: TORSTEN HUSEN,T.NEVILLE POSTLETHWAITE.
分册号:
分册名:
出版地: Oxford :
 
出版社: Pergamon Pr
出版时间: 1985-.
页数: 864 p. ;
开本: 26 cm.
丛书名:
中图分类号:
科图分类号:
其他分类号: G51-61
主题词:
电子资源:
000 00648nam 2200181 a 4500
001 E0738166951
005 20070426111053.45
008 uu
020    @a0-08-028119-2.
040    @aNLC
090    @aG51-61
099    @dG51-61@ex3:11(1)
242    @a国际教育百科全书 补编 1
245 04 @aThe international encyclopedia of education :@bSupplementary.@nVolume One / @cTORSTEN HUSEN,T.NEVILLE POSTLETHWAITE.
260    @aOxford :@bPergamon Pr.,@c1985-.
300    @a864 p. ;@c26 cm.
700 1  @aHusén, Torsten, @d1916- @b00 @c20020930 @lNLC09 @h2246 @lNLC09 @h2259 @lNLC09 @h1850 @b40 @c20041228 @lNLC09 @h1052
852 9  @bWWJC @cJ09 @k2G-86 @hG4-61 @iI61
    
    The international encyclopedia of education : : Supplementary.. Volume One / / TORSTEN HUSEN,T.NEVILLE POSTLETHWAITE.-Oxford : : Pergamon Pr., , 1985-.
    864 p. ; ; 26 cm.
    
    
    ISBN 0-08-028119-2.
    
●
相关链接 在E读中查询图书 在五车中查询图书 在当当中查询图书 在豆瓣中查询图书


正题名:international encyclopedia of education     索取号:G51-61/x3:11(1)         预约/预借

序号 登录号 条形码 馆藏地/架位号 状态 备注
1 184366   001172475   第二样本阅览室/ [索取号:G51-61/x3:11(1)] 在馆    
唐山师范学院图书馆 欢迎您!
大连网信软件有限公司© 版权所有